header

WebSphere Business Integration Pub/Sub solutions (Record no. 210573)

MARC details
000 -LEADER
fixed length control field 01510nam a2200373Ia 4500
245 00 - TITLE STATEMENT
Title WebSphere Business Integration Pub/Sub solutions
250 ## - EDITION STATEMENT
Edition statement 1st ed.
260 ## - PUBLICATION, DISTRIBUTION, ETC. (IMPRINT)
Place of publication Research Triangle Park, NC :
Name of publisher IBM, International Support Organization,
Year of publication c2004.
300 ## - PHYSICAL DESCRIPTION
Number of Pages xiv, 244 p. :
Other physical details ill.
490 1# - SERIES STATEMENT
Series statement IBM redbooks
500 ## - GENERAL NOTE
General note At head of title: International Technical Support Organization.
General note "SG24-6088-00."
650 #0 - SUBJECT ADDED ENTRY--TOPICAL TERM
Topical Term Business enterprises
Topical Term Business networks.
700 1# - ADDED ENTRY--PERSONAL NAME
Personal name Davies, Saida.
856 40 - ELECTRONIC LOCATION AND ACCESS
Uniform Resource Identifier http://site.ebrary.com/lib/rucke/Doc?id=10112075

No items available.

© 2026 Rongo University
Contact us: librarian | system librarian | Rongo university